[Event "Igualada op 11th"]
[Site "Igualada"]
[Date "2016.03.05"]
[Round "8"]
[White "Llacuna Roca, Josep"]
[Black "Vizcarra Clemente, Jordi"]
[Result "0-1"]
[WhiteElo "1665"]
[BlackElo "1938"]
[PlyCount "142"]
[EventDate "2016.01.16"]
[EventType "swiss"]
[EventRounds "8"]
[EventCountry "ESP"]
[SourceTitle "EXT 2017"]
[Source "ChessBase"]
[SourceDate "2016.10.25"]
[SourceVersion "1"]
[SourceVersionDate "2016.10.25"]
[SourceQuality "1"]

1. d4 e6 2. Bf4 d5 3. e3 Bd6 4. Bg3 Nf6 5. Nd2 0-0 6. Ngf3 b6 7. Bd3 Ba6 8. Ne5 Bxd3 9. cxd3 c5 10. 0-0 Qc7 11. f4 Nc6 12. Rc1 Nd7 13. a3 Rac8 14. b4 Bxe5 15. fxe5 cxb4 16. axb4 Qd8 17. b5 Ne7 18. Rxc8 Qxc8 19. e4 Qc3 20. Nf3 h6 21. Be1 Qc7 22. Bb4 Re8 23. Qd2 Qb7 24. Bxe7 Rxe7 25. Qc2 Nb8 26. Rc1 a6 27. Qc8+ Kh7 28. bxa6 Nxa6 29. exd5 exd5 30. Qf5+ g6 31. Qh3 Kg7 32. Qh4 Re6 33. Qd8 Rc6 34. Rf1 Re6 35. Rc1 Rc6 36. Rf1 Nb4 37. e6 Rxe6 38. Ne5 Re7 39. Qd6 Nc2 40. Qf6+ Kg8 41. Qf4 Kg7 42. Qf6+ Kg8 43. Qh4 Kh7 44. Ng4 h5 45. Nf6+ Kg7 46. Qg5 Ne3 47. Nxh5+ Kh7 48. Nf6+ Kg7 49. Nh5+ Kf8 50. Qh6+ Ke8 51. Ng7+ Kd8 52. Re1 Nf5 53. Qh8+ Kd7 54. Rxe7+ Kxe7 55. Qe8+ Kf6 56. Qe5+ Kg5 57. h4+ Kxh4 58. Nxf5+ gxf5 59. Qf4+ Kh5 60. Qxf5+ Kh6 61. g4 b5 62. g5+ Kg7 63. Qf6+ Kh7 64. Qf5+ Kg8 65. Qf6 b4 66. Qd8+ Kh7 67. Qf8 b3 68. Qh6+ Kg8 69. Qf6 b2 70. Qd8+ Kh7 71. g6+ fxg6 0-1

[Event "Igualada op 11th"]
[Site "Igualada"]
[Date "2016.02.20"]
[Round "6"]
[White "Vizcarra Clemente, Jordi"]
[Black "Martinez Sanchez, Francesc"]
[Result "1-0"]
[WhiteElo "1938"]
[BlackElo "1604"]
[PlyCount "79"]
[EventDate "2016.01.16"]
[EventType "swiss"]
[EventRounds "8"]
[EventCountry "ESP"]
[SourceTitle "EXT 2017"]
[Source "ChessBase"]
[SourceDate "2016.10.25"]
[SourceVersion "1"]
[SourceVersionDate "2016.10.25"]
[SourceQuality "1"]

1. e4 c5 2. Nf3 d6 3. Bb5+ Bd7 4. Bxd7+ Nxd7 5. 0-0 Ngf6 6. Re1 e6 7. c3 Be7 8. d4 0-0 9. Bg5 h6 10. Bh4 Re8 11. Nbd2 Nh7 12. Bg3 Ndf8 13. Qe2 Ng6 14. e5 d5 15. dxc5 Bxc5 16. Nb3 Bb6 17. a4 a6 18. Rad1 Qc8 19. h4 Ne7 20. Nfd4 Nf8 21. Qg4 Kh7 22. f4 Nc6 23. Bf2 Nxd4 24. Nxd4 Bd8 25. f5 Bb6 26. f6 g6 27. Be3 Nd7 28. Qf4 g5 29. hxg5 Rg8 30. Nf3 Bxe3+ 31. Rxe3 Nf8 32. Kf2 Qc4 33. Rh1 Rg6 34. Nd4 Qa2 35. Reh3 Qxb2+ 36. Ne2 Qb6+ 37. Kf3 Rc8 38. Rxh6+ Rxh6 39. g6+ Nxg6 40. Qxh6+ 1-0

[Event "Igualada op 11th"]
[Site "Igualada"]
[Date "2016.02.06"]
[Round "4"]
[White "Vizcarra Clemente, Jordi"]
[Black "Fernandez Diaz, Jose Antonio"]
[Result "1-0"]
[WhiteElo "1938"]
[BlackElo "1483"]
[PlyCount "59"]
[EventDate "2016.01.16"]
[EventType "swiss"]
[EventRounds "8"]
[EventCountry "ESP"]
[SourceTitle "EXT 2017"]
[Source "ChessBase"]
[SourceDate "2016.10.25"]
[SourceVersion "1"]
[SourceVersionDate "2016.10.25"]
[SourceQuality "1"]

1. d4 d5 2. Bg5 Bf5 3. Nc3 c6 4. Qd2 Nd7 5. 0-0-0 Ngf6 6. f3 e6 7. e4 Bg6 8. e5 h6 9. Bh4 Bh7 10. exf6 gxf6 11. Bd3 Bg8 12. Nge2 Be7 13. f4 f5 14. Bxe7 Qxe7 15. Rde1 Bh7 16. Ng3 Bg6 17. Bxf5 0-0-0 18. Bxg6 fxg6 19. Re2 Qb4 20. Rxe6 Rhg8 21. a3 Qa5 22. Na2 Qb6 23. Rhe1 Rdf8 24. Nb4 Qc7 25. Nd3 Nb6 26. Re7 Qd6 27. R1e6 Qd8 28. Nc5 Nc4 29. Rxb7 Rf6 30. Qb4 1-0